| 000 | 01374nam a2200241Ia 4500 | ||
|---|---|---|---|
| 003 | Ost | ||
| 005 | 20260507074956.0 | ||
| 008 | 260507s9999||||xx |||||||||||||| ||und|| | ||
| 020 | _a9957181084 | ||
| 040 | _cfsecg | ||
| 041 | _aara | ||
| 082 | _a332.1 | ||
| 100 |
_aحسين، رحيم _eمؤلف |
||
| 245 | 0 |
_aالنقد والسياسة النقدية في إطار الفكر الاسلامي والغربي / _c رحيم حسين |
|
| 260 |
_aعمان: _bدار المناهج للنشر والتوزيع, _c2006 |
||
| 300 |
_a232 صفحة؛ _bإيضاحات ؛ _c25 سم |
||
| 504 | _aببليوغرافيا:ص.227-231 | ||
| 520 | _aمفهوم النقد وتطوره عبر التاريخ من المقايضة إلى النقد الإلكتروني،الفكر النقدي ما قبل كينز،الفكر النقدي الكينزي،النظرية الكمية الجديدة في النقد:النقدويين،السياسة النقدية بين الكينزية والنقدوية،النقد في الفكر الإسلامي،السياسة النقدية في اقتصاد إسلامي،وسائل تثبيت قيمة النقد:الرقم القياسي للديون في المنظور الإسلامي | ||
| 653 | _aالاقتصاد الإسلامي | ||
| 653 | _aالسياسة المالية | ||
| 653 | _aالنقود | ||
| 942 | _cكتاب | ||
| 999 |
_c42028 _d42028 |
||